AI in Finance

Сохранить в:
Библиографические подробности
Главный автор: Yves Hilpisch
Формат:
Опубликовано: shroff
Предметы:
Метки: Добавить метку
Нет меток, Требуется 1-ая метка записи!

MARC

LEADER 00000nam a2200000Ia 4500
005 20260427112640.0
526 |b FinTech 
100 |a Yves Hilpisch 
020 |a 9781492055433 
650 |a AI Finance 
526 |a Masters 
942 |c BK 
245 |a AI in Finance 
260 |b shroff 
999 |c 9  |d 9 
952 |0 0  |1 0  |4 0  |7 0  |8 3  |a BRISTOL  |b BRISTOL  |d 2026-04-22  |l 0  |p 000104  |r 2026-04-27 11:26:40  |w 2026-04-27  |y BK